000
00333cam a2200133ua 4500
041
_a
eng
_h
082
_a
823.308
_b
CON/RE
100
_a
Connell, John .
245
_a
Return to treasure island /
_c
John Connell.
_h
Textual Documents
260
_a
London :
_b
Longman ,
_c
1963.
300
_a
94 ; .
942
_c
BK
999
_c
3961
_d
3961